| 000 | 03088nam1a2200445 4500 | ||
|---|---|---|---|
| 001 | rc\1231292 | ||
| 005 | 20260407130159.0 | ||
| 035 | _a(NLR Aleph) 005287490 | ||
| 090 |
_a6157764 _c6157764 |
||
| 100 | _a20260119 rusy50 | ||
| 101 | 0 | _arus | |
| 102 | _aRU | ||
| 105 | _a| zw ||||| | ||
| 200 | 1 | _aПравославный Палестинский сборник | |
| 210 |
_aС. Петербург [Санкт-Петербург] _cиздание Православнаго Палестинскаго Общества _d1881–1916 _gТипография В. Киршбаума |
||
| 215 | _d25–27 | ||
| 300 | _aЧастные загл. вып. указаны на шмуцтитулах | ||
| 300 | _aНа обл. указана валовая нумерация вып. | ||
| 300 | _aИзд. возобновлено с 1954 г. под загл. "Палестинский сборник" | ||
| 316 |
_aЭкз. РНБ: с вып. 1 (63) (1954 г.) изд. хранится в РЖФ (см. шифр П23/2133) _5NLR |
||
| 316 |
_aЭкз. РНБ (18.311.1.9): вып. сплетены в один пер. и представляют собой конволюты: вып. 1–3; 4–6; 7–9; 10–12; 14–18; 19–20; 22–24; 25–27; 28–30; 31–32; 34–36; 43 [нач.] – 43 (продолж.); 52–54; с золотым тиснением на корешке и суперэкслибрисом Имп. б-ки: изобр. герба и буквы "И. Б." выпуски: 4–6; 7–9; 14–18; 22–24; 28–30; 31–32; 34–36; 43 [нач.] – 43 (продолж.); 52–54 _5NLR: 18.311.1.9 |
||
| 320 | _aБиблиогр. в подстроч. примеч. | ||
| 488 | 0 |
_1001RU\NLR\INFOCOMM55\1000083632 _93637811 _cСПб. _d1881 - _nВ.Н. Хитрово _tПравославный Палестинский сборник |
|
| 517 | 1 |
_aПалестинский сборник _zrus |
|
| 712 | 0 | 2 |
_4475 _aИмператорское православное Палестинское общество _cПетербург _3RU\NLR\AUTH\889974456 _9445811 |
| 801 | 0 |
_aRU _bNLR _c20060306 _gpsbo |
|
| 801 | 1 |
_aRU _bProSoft-M _c20060306 _2rusmarc |
|
| 801 | 2 |
_aRU _bNLR _c20060320 _2rusmarc |
|
| 852 |
_aNLR _j18.311.1.9 |
||
| 852 |
_aNLR _j132/3733 |
||
| 852 |
_aNLR _j+ шифры разные |
||
| 856 | 4 | 1 |
_lSV_MBA _tVIEW _uhttps://webservices.nlr.ru/viewer/file?name=t005287490_001.jpg _yОбложка |
| 856 | 4 |
_lSV_MBA _tVIEW _uhttps://webservices.nlr.ru/viewer/file?name=p005287490_002.jpg _x001 _yСтраница |
|
| 856 | 4 |
_lSV_MBA _tVIEW _uhttps://webservices.nlr.ru/viewer/file?name=p005287490_003.jpg _x002 _yСтраница |
|
| 856 | 4 |
_lSV_MBA _tVIEW _uhttps://webservices.nlr.ru/viewer/file?name=p005287490_004.jpg _x003 _yСтраница |
|
| 856 | 4 |
_lSV_MBA _tVIEW _uhttps://webservices.nlr.ru/viewer/file?name=p005287490_005.jpg _x004 _yСтраница |
|
| 856 | 4 |
_lSV_MBA _tVIEW _uhttps://webservices.nlr.ru/viewer/file?name=p005287490_006.jpg _x005 _yСтраница |
|
| 942 | _cBOOK | ||
| 980 | _aNB | ||